| 000 | 00807nas a2200265Ia 4500 | ||
|---|---|---|---|
| 001 | A50/R024-15500 [r000013804] | ||
| 003 | IT-MiCISF | ||
| 008 | 161014c99999999xx |||||||||||| ||und|| | ||
| 040 |
_aIT-MiCISF _cIT-MiCISF |
||
| 041 | _aITALIANO | ||
| 100 | _aCastelli Carlo | ||
| 210 | _aFamiglia oggi | ||
| 222 | _aFamiglia oggi | ||
| 245 | 0 | _aDiscoteca, pomo della discordia | |
| 250 | _a1a ed. | ||
| 260 | _c1995 | ||
| 501 |
_bCISF - Centro Internazionale Studi Famiglia - Via Giotto, 36 20145 MILANO (non commercial uses only) _cCopyright 2016 |
||
| 300 | _app. 23-28 | ||
| 362 | _an. 3, marzo [1995] | ||
| 500 | _a Tema: adolescenza, tempo-libero, comportamento | ||
| 650 |
_aetà evolutiva _varticolo |
||
| 700 | _a La Mendola Salvatore | ||
| 942 | _cCR | ||
| 957 | _71 | ||
| 999 |
_a15500 _bSi _g1 _c238047 _d238047 |
||